Quick Pick: Countries with limited Recognition Quiz Stats

 Plays Quiz not verified by Sporcle

Challenge
Share
Tweet
Embed
Score 0/9 Timer 01:00
0 Plays Today
% Correct
Kosovo
94.7%
Palestine
92.1%
Taiwan
86.7%
Israel
84.3%
North Korea
82.2%
Cyprus
73.1%
South Korea
65.7%
China
52.9%
Armenia
51.5%

You're not logged in!

Compare scores with friends on all Sporcle quizzes.
OR
Log In

You Might Also Like...

Show Comments

Extras

Top Quizzes Today


Score Distribution

Your Account Isn't Verified!

In order to create a playlist on Sporcle, you need to verify the email address you used during registration. Go to your Sporcle Settings to finish the process.

Report this User

Report this user for behavior that violates our Community Guidelines.

Details: